logo

Bir Sreshtho Munshi Abdur Rouf Library
Jhenaidah Cadet College

প্রোগ্রামিংয়ের বলদ টু বস / (Record no. 11561)

MARC details
000 -LEADER
fixed length control field 00690nam a2200229 a 4500
001 - CONTROL NUMBER
JCCL Control Number 11561
003 - CONTROL NUMBER IDENTIFIER
JCCL marc code BD-JhCC
005 - DATE AND TIME OF LATEST TRANSACTION
control field 20220825134022.0
008 - FIXED-LENGTH DATA ELEMENTS--GENERAL INFORMATION
fixed length control field 200329b20172020bg a|||| ||a| 000 0 mul d
020 ## - INTERNATIONAL STANDARD BOOK NUMBER
International Standard Book Number 9789848040768
035 ## - SYSTEM CONTROL NUMBER
system control number (BD-JhCC)11561
040 ## - CATALOGING SOURCE
Original cataloging agency BD-JhCC
Modifying agency BD-JhCC
041 ## - LANGUAGE CODE
Language code of Book mul
082 ## - DEWEY DECIMAL CLASSIFICATION NUMBER
Classification number 005.1
Author mark and Year MAH 2020
100 ## - MAIN ENTRY--PERSONAL NAME
Personal name মাহবুব, ঝংকার
245 ## - TITLE STATEMENT
Title প্রোগ্রামিংয়ের বলদ টু বস /
Statement of responsibility, etc ঝংকার মাহবুব ।
260 ## - PUBLICATION, DISTRIBUTION, ETC. (IMPRINT)
Place of publication, distribution, etc ঢাকা:
Name of publisher, distributor, etc আদর্শ;
Date of publication, distribution, etc ২০২০.
300 ## - PHYSICAL DESCRIPTION
Pagination 126 p. :
Other physical details ill;
Dimensions 22 cm.
650 ## - SUBJECT ADDED ENTRY--TOPICAL TERM
Topical term or geographic name as entry element Computer programming
942 ## - ADDED ENTRY ELEMENTS (KOHA)
Source of classification or shelving scheme Dewey Decimal Classification
Koha item type Books
Koha issues (borrowed), all copies 5
Holdings
Source of classification or shelving scheme Damaged status Not for loan Home library Current library Shelving location Date of accession Cost, normal purchase price Total Checkouts Full call number Barcode Date last seen Date checked out Copy number Koha item type Source of acquisition
Dewey Decimal Classification     JCC Rouf Library JCC Rouf Library General Stacks 03/29/2020 195.00 4 005.1 MAH 2020 15768 02/05/2026 01/29/2026 C-1 Books  
Dewey Decimal Classification     JCC Rouf Library JCC Rouf Library General Stacks 11/19/2020 195.00 4 005.1 MAH 2020 16315 08/21/2023 08/03/2023 C-2 Books LT. GEN. Mahfuzur Rahman ( 10t Intake)

JCC Library | Contacts | JCC Home

Last Update on 23 September 2017
Copyright @ 2017-2020 JCC Rouf Library
Rouf Library, Jhenidah Cadet College (JCC), Bangladesh